Normal view
MARC view
- DICTIONARY OF ESSENTIAL KNOWLEDGE
Entry Topical Term
001 - CONTROL NUMBER
- control field: 67150
003 - CONTROL NUMBER IDENTIFIER
- control field: NUST
005 - DATE AND TIME OF LATEST TRANSACTION
- control field: 20210628203743.0
008 - FIXED-LENGTH DATA ELEMENTS
- fixed length control field: 210628|| aca||aabn | a|a d
040 ## - CATALOGING SOURCE
- Original cataloging agency: NUST
- Transcribing agency: NUST
150 ## - HEADING--TOPICAL TERM
- Topical term or geographic name entry element: DICTIONARY OF ESSENTIAL KNOWLEDGE
670 ## - SOURCE DATA FOUND
- Source citation: Work cat.: (NUST): Reader's 67149, Illustrated dictionary of essential knowledge, 1996
